| 000 | 00568cam a22002055i 4500 | ||
|---|---|---|---|
| 020 | _a9788184656367 | ||
| 020 | _a818465636X | ||
| 041 | _aENG | ||
| 082 | 0 | 4 |
_a241.68 _bRAJ |
| 100 | 1 | _aRajadurai, Samuel, | |
| 245 | 1 | 0 | _aPromised land and right to subsistence : the disintegration of peasantry and the neoliberal policy on food security in India |
| 260 |
_aISPCK _bDELHI _c2017 |
||
| 300 | _axxx, 203 pages ; | ||
| 650 | 0 | _aFood security | |
| 650 | 0 | _aFood security | |
| 650 | 0 | _aPeasants | |
| 650 | 0 | _aNeoliberalism | |
| 650 | 0 | _aNeoliberalism | |
| 942 | _cBK | ||
| 999 |
_c22976 _d22976 |
||